programming in ansi C (Record no. 300262)

MARC details
000 -LEADER
fixed length control field 00308pam a2200121a 44500
008 - FIXED-LENGTH DATA ELEMENTS--GENERAL INFORMATION
fixed length control field 230405s1900 xxu||||| |||| 00| 0 eng d
041 ## - LANGUAGE CODE
Language code of text/sound track or separate title ENG
100 ## - MAIN ENTRY--PERSONAL NAME
Personal name byron s gottfried
245 ## - TITLE STATEMENT
Title programming in ansi C
260 ## - PUBLICATION, DISTRIBUTION, ETC.
Place of publication, distribution, etc. new delhi
Name of publisher, distributor, etc. Tata McGraw Hill Publishing Co.
Date of publication, distribution, etc. 1900
300 ## - PHYSICAL DESCRIPTION
Extent 532
906 ## - LOCAL DATA ELEMENT F, LDF (RLIN)
a 9763
Holdings
Withdrawn status Lost status Damaged status Not for loan Collection Home library Current library Shelving location Date acquired Source of acquisition Cost, normal purchase price Total Checkouts Full call number Barcode Date last seen Price effective from Koha item type
          Matoshri Bayabai Shripatrao Kadam Kanya Mahavidyalaya, Kadegaon, Sangli Matoshri Bayabai Shripatrao Kadam Kanya Mahavidyalaya, Kadegaon, Sangli   19/03/2011 ratnakar book salers high school road miraj 255.00   537.56 KVK-XTH00189 18/04/2023 18/04/2023 Book